[Event "Santa Fe qual Santafesino op"]
[Site "Santa Fe"]
[Date "2021.03.26"]
[Round "1"]
[White "Knuttzen, Joaquin"]
[Black "Rodriguez, Nicolas"]
[Result "1-0"]
[WhiteElo "1556"]
[BlackElo "1542"]
[PlyCount "43"]
[EventDate "2021.03.26"]
[EventType "swiss"]
[EventRounds "7"]
[EventCountry "ARG"]
[SourceTitle "EXT 2022"]
[Source "ChessBase"]
[SourceDate "2021.10.06"]
[SourceVersion "1"]
[SourceVersionDate "2021.10.06"]
[SourceQuality "1"]

1. e4 d5 2. exd5 Qxd5 3. Nc3 Qd8 4. d4 Nc6 5. Nf3 e6 6. Bd3 Nf6 7. 0-0 a6 8. Bc4 b5 9. Bb3 Bd6 10. Bg5 0-0 11. Ne4 e5 12. Nxd6 cxd6 13. dxe5 Nxe5 14. Nxe5 dxe5 15. Qxd8 Rxd8 16. Rfe1 e4 17. Bxf6 Re8 18. Bh4 Bb7 19. Rad1 Kf8 20. Rd7 Rec8 21. Rxf7+ Ke8 22. Rxb7 1-0

[Event "Santa Fe op"]
[Site "Santa Fe"]
[Date "2020.02.09"]
[Round "4"]
[White "Acosta, Carlos Humberto"]
[Black "Knuttzen, Joaquin"]
[Result "0-1"]
[WhiteElo "1722"]
[BlackElo "1526"]
[PlyCount "106"]
[EventDate "2020.02.08"]
[EventType "swiss"]
[EventRounds "7"]
[EventCountry "ARG"]
[SourceTitle "CBM 195 Extra"]
[Source "ChessBase"]
[SourceDate "2020.05.31"]
[SourceVersion "1"]
[SourceVersionDate "2020.05.31"]
[SourceQuality "1"]

1. e4 e6 2. Nf3 d5 3. exd5 exd5 4. d4 Bg4 5. Be2 Qd7 6. 0-0 Nc6 7. Re1 0-0-0 8. Bf4 Bd6 9. Bxd6 Qxd6 10. Nc3 Nge7 11. Ne5 Bxe2 12. Rxe2 Nxe5 13. Rxe5 f6 14. Re3 Nf5 15. Nb5 Qa6 16. Rb3 g6 17. Qd3 c6 18. Qc3 Kb8 19. Na3 Rhe8 20. g4 Nd6 21. Qg3 Ka8 22. Re3 Rxe3 23. Qxe3 Re8 24. Qf4 Re6 25. g5 f5 26. Rc1 Qe2 27. Nb1 Qg4+ 28. Qxg4 fxg4 29. Nc3 Nf7 30. Rf1 Nxg5 31. f4 gxf3 32. h4 f2+ 33. Kg2 Ne4 34. Nxe4 Rxe4 35. Rxf2 a6 36. Kg3 Rxd4 37. b3 h5 38. a4 Rg4+ 39. Kh3 Ka7 40. Rg2 Rxg2 41. Kxg2 Kb6 42. Kf3 Kc5 43. Ke3 Kb4 44. Kd4 b5 45. axb5 axb5 46. Kd3 c5 47. Kd2 c4 48. bxc4 bxc4 49. Kd1 Kc3 50. Kc1 g5 51. hxg5 h4 52. g6 h3 53. g7 h2 0-1

[Event "Santa Fe de los Reyes Memorial 2nd"]
[Site "Santa Fe"]
[Date "2019.08.24"]
[Round "1.6"]
[White "Alzugaray, Julian"]
[Black "Knuttzen, Joaquin"]
[Result "0-1"]
[WhiteElo "1673"]
[BlackElo "1411"]
[PlyCount "80"]
[EventDate "2019.08.24"]
[EventType "swiss"]
[EventRounds "6"]
[EventCountry "ARG"]
[SourceTitle "EXT 2024"]
[Source "ChessBase"]
[SourceDate "2023.10.10"]
[SourceVersion "1"]
[SourceVersionDate "2023.10.10"]
[SourceQuality "1"]

1. c4 e5 2. d3 f5 3. g3 Nf6 4. Bg2 Bc5 5. e3 c6 6. Nc3 d5 7. cxd5 cxd5 8. Qb3 e4 9. d4 Bb6 10. Nge2 Bc7 11. Nb5 0-0 12. Nxc7 Qxc7 13. Bd2 Nc6 14. Rc1 Qf7 15. h4 Be6 16. Nf4 a5 17. a4 Qd7 18. Bf1 Kf7 19. Bb5 Qd6 20. Ke2 Rfb8 21. Rc2 Bd7 22. Rhc1 Nb4 23. Rc7 Nc6 24. Bxc6 bxc6 25. Rb7 Rxb7 26. Qxb7 Rb8 27. Qa7 Rxb2 28. Qxa5 Qa3 29. Qa7 Qb4 30. Rd1 Qc4+ 31. Ke1 Ra2 32. a5 Qb5 33. Ne2 Qd3 34. Nc1 Qa3 35. Nxa2 Qxa2 36. Qb7 Ke6 37. a6 Ng4 38. a7 Nh2 39. a8Q Nf3+ 40. Ke2 Qc4# 0-1

[Event "Santa Fe de los Reyes Memorial 2nd"]
[Site "Santa Fe"]
[Date "2019.08.24"]
[Round "3.3"]
[White "Gimenez, Jonathan"]
[Black "Knuttzen, Joaquin"]
[Result "0-1"]
[WhiteElo "1168"]
[BlackElo "1411"]
[PlyCount "60"]
[EventDate "2019.08.24"]
[EventType "swiss"]
[EventRounds "6"]
[EventCountry "ARG"]
[SourceTitle "EXT 2024"]
[Source "ChessBase"]
[SourceDate "2023.10.10"]
[SourceVersion "1"]
[SourceVersionDate "2023.10.10"]
[SourceQuality "1"]

1. Nf3 d5 2. g3 Nc6 3. Bg2 e5 4. 0-0 Bc5 5. h3 Nf6 6. d3 Be6 7. Nbd2 Qd7 8. b3 Bxh3 9. c4 0-0 10. e4 dxe4 11. dxe4 Bxg2 12. Kxg2 Rad8 13. Bb2 Nd4 14. Nxd4 Bxd4 15. Bxd4 Qxd4 16. Nf3 Qxe4 17. Qe1 Qc6 18. Rd1 e4 19. Ng5 Rxd1 20. Qxd1 Re8 21. Re1 e3+ 22. Nf3 Ng4 23. fxe3 Nxe3+ 24. Rxe3 Rxe3 25. Qd8+ Re8 26. Qg5 Re2+ 27. Kh3 Qe6+ 28. g4 Qh6+ 29. Qxh6 gxh6 30. Kh4 Rxa2 0-1

[Event "San Justo op"]
[Site "San Justo"]
[Date "2019.04.14"]
[Round "6.10"]
[White "Salto, Floriana"]
[Black "Knuttzen, Joaquin"]
[Result "1/2-1/2"]
[WhiteElo "1154"]
[BlackElo "1436"]
[PlyCount "71"]
[EventDate "2019.04.13"]
[EventType "swiss"]
[EventRounds "6"]
[EventCountry "ARG"]
[SourceTitle "EXT 2024"]
[Source "ChessBase"]
[SourceDate "2023.10.10"]
[SourceVersion "1"]
[SourceVersionDate "2023.10.10"]
[SourceQuality "1"]

1. e4 e6 2. d4 d5 3. e5 c5 4. c3 Nc6 5. Nf3 Qb6 6. Bd3 Nge7 7. 0-0 Nf5 8. dxc5 Qc7 9. Re1 Bxc5 10. b4 Bb6 11. Bxf5 exf5 12. Qxd5 Be6 13. Qd6 Rd8 14. Qxc7 Bxc7 15. Bg5 Rd7 16. Nbd2 0-0 17. b5 Na5 18. Nd4 Bb6 19. N2f3 h6 20. Be3 Nc4 21. Nxe6 fxe6 22. Bxb6 axb6 23. Nd4 Re8 24. a4 Rc7 25. Rec1 Kf7 26. f4 Rec8 27. Ne2 Nd2 28. Rc2 Ne4 29. Rac1 Rc4 30. g3 R8c5 31. Rd1 Ke7 32. Ra1 Nxc3 33. Rxc3 Rxc3 34. Nxc3 Rxc3 35. Rd1 Ra3 36. Rd4 1/2-1/2